Music Quiz

Random Music or Song Quiz

Guess the love song lyrics Quiz Stats

 Plays Quiz not verified by Sporcle

Also try: 3-D Music
Challenge
Share
Tweet
Embed
Score 0/246 Timer 10:00
1 Play Today
% Correct
you
96.3%
you
96.3%
you
96.3%
you
96.3%
you
96.3%
you
96.3%
you
96.3%
you
96.3%
you
96.3%
you
96.3%
you
96.3%
you
96.3%
and
87.8%
the
87.8%
and
87.8%
and
87.8%
and
87.8%
and
87.8%
the
87.8%
and
87.8%
the
87.8%
the
87.8%
the
87.8%
and
87.8%
the
87.8%
and
87.8%
the
87.8%
and
87.8%
the
87.8%
to
75.6%
to
75.6%
to
75.6%
to
75.6%
to
75.6%
to
75.6%
to
75.6%
to
75.6%
to
75.6%
to
75.6%
to
75.6%
to
75.6%
to
75.6%
to
75.6%
to
75.6%
to
75.6%
to
75.6%
to
75.6%
to
75.6%
to
75.6%
me
73.2%
be
73.2%
i
73.2%
me
73.2%
be
73.2%
me
73.2%
be
73.2%
i
73.2%
me
73.2%
i
73.2%
be
73.2%
i
73.2%
me
73.2%
be
73.2%
go
62.2%
can
61%
can
61%
is
58.5%
is
58.5%
in
58.5%
see
54.9%
see
54.9%
see
54.9%
see
54.9%
that
52.4%
that
52.4%
that
52.4%
that
52.4%
that
52.4%
that
52.4%
that
52.4%
want
51.2%
want
51.2%
% Correct
want
51.2%
when
51.2%
want
51.2%
when
51.2%
want
51.2%
when
51.2%
want
51.2%
want
51.2%
when
51.2%
want
51.2%
want
51.2%
when
51.2%
want
51.2%
want
51.2%
want
51.2%
want
51.2%
i
50%
i
50%
i
50%
your
50%
i
50%
i
50%
i
50%
i
50%
i
50%
your
50%
i
50%
i
50%
i
50%
i
50%
i
50%
i
50%
i
50%
i
50%
i
50%
i
50%
i
50%
i
50%
i
50%
i
50%
i
50%
know
48.8%
don't
48.8%
don't
48.8%
don't
48.8%
don't
48.8%
know
48.8%
know
48.8%
don't
48.8%
don't
48.8%
don't
48.8%
don't
48.8%
know
48.8%
don't
48.8%
don't
48.8%
know
48.8%
know
48.8%
know
48.8%
know
48.8%
who
47.6%
who
47.6%
who
47.6%
who
47.6%
who
47.6%
who
47.6%
who
47.6%
all
46.3%
all
46.3%
kno
43.9%
you're
42.7%
it's
42.7%
am
42.7%
can't
42.7%
you're
42.7%
am
42.7%
am
42.7%
am
42.7%
am
42.7%
am
42.7%
am
42.7%
ever
41.5%
of
41.5%
% Correct
because
40.2%
because
40.2%
like
40.2%
because
40.2%
because
40.2%
because
40.2%
just
39%
just
39%
just
39%
just
39%
just
39%
just
39%
just
39%
just
39%
just
39%
i'll
37.8%
up
35.4%
now
35.4%
feel
34.1%
or
32.9%
or
32.9%
this
30.5%
world
30.5%
world
30.5%
world
30.5%
world
30.5%
everything
29.3%
i'd
28%
give
28%
life
26.8%
because
26.8%
think
26.8%
think
26.8%
think
26.8%
think
26.8%
forever
25.6%
touch
20.7%
right
20.7%
broken
20.7%
broken
20.7%
broken
20.7%
broken
20.7%
understand
19.5%
understand
19.5%
understand
19.5%
understand
19.5%
tonight
18.3%
they'd
18.3%
they'd
18.3%
they'd
18.3%
they'd
18.3%
over
17.1%
heaven
15.9%
home
15.9%
everything's
15.9%
everything's
15.9%
everything's
15.9%
everything's
15.9%
closest
14.6%
fight
14.6%
feels
14.6%
miss
13.4%
ain't
13.4%
coming
13.4%
truth
13.4%
alive
13.4%
tears
12.2%
somehow
11%
moment
11%
meant
11%
moment
11%
bleed
11%
meant
11%
meant
11%
meant
11%
sooner
9.8%
later
9.8%
movies
9.8%
breathe
8.5%
taste
6.1%
ya
4.9%
lies
3.7%

You're not logged in!

Compare scores with friends on all Sporcle quizzes.
Join for Free
OR
Log In

You Might Also Like...

Show Comments

Extras

Created May 5, 2011ReportNominate
Tags:Song Quiz, gue, love

Top Quizzes Today


Score Distribution

Your Account Isn't Verified!

In order to create a playlist on Sporcle, you need to verify the email address you used during registration. Go to your Sporcle Settings to finish the process.

Report this User

Report this user for behavior that violates our Community Guidelines.

Details: